Louisa by Lord Huron - Lyrics Quiz - Statistics

General Stats
  • This quiz has been taken 15 times
  • The average score is 204 of 319
Answer Stats
Answer % Correct
i
100%
my
100%
to
100%
you
100%
a
88%
be
88%
feel
88%
for
88%
go
88%
i'm
88%
me
88%
name
88%
on
88%
the
88%
with
88%
your
88%
again
75%
alive
75%
baby
75%
by
75%
die
75%
in
75%
is
75%
life
75%
no
75%
of
75%
that
75%
when
75%
as
63%
came
63%
dead
63%
do
63%
ever
63%
good
63%
i'll
63%
into
63%
livin'
63%
lonely
63%
never
63%
nothin'
63%
nothing
63%
one
63%
remember
63%
tell
63%
they'll
63%
was
63%
and
50%
apart
50%
come
50%
don't
50%
eyes
50%
girl
50%
girl?
50%
hither
50%
i'd
50%
just
50%
know
50%
promise
50%
skin
50%
so
50%
them
50%
walking
50%
we'll
50%
what
50%
will
50%
won't
50%
write
50%
are
38%
awake
38%
back
38%
but
38%
days
38%
died
38%
does
38%
earth
38%
else
38%
grave
38%
have
38%
him
38%
kind
38%
lie
38%
loneliness
38%
lovin'
38%
man
38%
man?
38%
may
38%
mine
38%
only
38%
raised
38%
repay
38%
rest
38%
see
38%
take
38%
then
38%
this
38%
time?
38%
turn
38%
wander
38%
wanna
38%
where
38%
world
38%
you're
38%
always
25%
another
25%
beautiful
25%
dawn
25%
done
25%
end
25%
give
25%
gone
25%
like
25%
lips
25%
met
25%
more
25%
need
25%
nice
25%
night
25%
nights
25%
our
25%
river
25%
saved
25%
stay
25%
surprise
25%
til
25%
turned
25%
up
25%
wasn't
25%
you'll
25%
ain't
13%
meet
13%
now
13%
outta
13%
pulling
13%
sun
13%
used
13%
waitin'
13%
weakness
13%
No matching quizzes found
Score Distribution
Percent of People with Each Score
Percentile by Number Answered
Your Score History
You have not taken this quiz